| 000 | 00500nam a22001817a 4500 | ||
|---|---|---|---|
| 005 | 20240109131548.0 | ||
| 008 | 190528b xxu||||| |||| 00| 0 eng d | ||
| 020 | _a978-93-86084-75-0 | ||
| 041 | _aeng | ||
| 082 | _a615.19 | ||
| 100 |
_aGUPTA, DR. G.D SHARMA DR. SHAILESH AND SINGH, BALJEEET _98354 |
||
| 245 | _aPRACTICAL MANUAL OF PHARMACEUTICAL CHEMISTRY- I | ||
| 250 | _a5th , Ed. 2019 | ||
| 260 |
_aPUNE _bNIRALI PRAKASHAN |
||
| 300 | _a88p, | ||
| 650 |
_aPHARMACY _xB.PHARMA |
||
| 942 | _cBK | ||
| 999 |
_c5885 _d5883 |
||